| 000 | 005360000a22001810004500 | ||
|---|---|---|---|
| 003 | MACL | ||
| 005 | 20160331124732.0 | ||
| 008 | 160331b xxu||||| |||| 00| 0 eng d | ||
| 040 |
_aMACL _cMACL |
||
| 041 | _aHindi | ||
| 082 | _a100 | ||
| 100 |
_aविदेहात्मानन्द स्वामी _948118 |
||
| 245 | _aसाधना की तैयारी | ||
| 260 |
_bअदैत आश्रम _c2004 _aकोलकाता |
||
| 350 | _a45 | ||
| 650 |
_aPhilisophy _949210 |
||
| 942 |
_cHIN _k100 _2ddc |
||
| 999 |
_c11103 _d11103 |
||